Songs That Fell Off The Charts at #100 in 2015 - Statistics

General Stats
  • This quiz has been taken 13 times
    6 since last reset
  • The average score is 12 of 30
Answer Stats
Week It Fell Off Artist Album Peak Song % Correct
February 21 Little Big Town Pain Killer #18 Girl Crush
75%
April 4 James Newton Howard feat. Jennifer Lawrence The Hunger Games: Mockingjay, Part 1 #12 The Hanging Tree
75%
January 17 Meghan Trainor Title #100 Title
75%
November 14 The Game feat. Drake The Documentary 2 #82 100
50%
August 29 Mac Miller GO:OD AM #100 100 Grandkids
50%
May 23 Drake If You're Reading This Its Too Late #58 10 Bands
50%
July 11 Young Thug Barter 6 #100 Check
50%
May 16 Nicki Minaj feat. Beyonce The Pinkprint #39 Feeling Myself
50%
June 13 Chedda Da Connect Chedda World: The Album #94 Flicka Da Wrist
50%
June 20 Dillon Francis & DJ Snake Money Sucks, Friends Rule #61 Get Low
50%
March 14 Wiz Khalifa & Iggy Azalea Furious 7: Original Motion Picture Soundtrack #86 Go Hard or Go Home
50%
October 24 A Great Big World feat. FUTURISTIC When The Morning Comes #99 Hold Each Other
50%
January 24/February 7 G-Eazy ft. Remo These Things Happen #98 I Mean It
50%
September 19 The Weeknd Beauty Behind The Madness #12* In The Night
50%
March 28 B.O.B. feat. Trey Songz Not For Long #80 Not For Long
50%
October 10 Meek Mill feat. Drake Dreams Worth More Than Money #40 R.I.C.O.
50%
November 28 Zac Brown Band Jekyll+Hyde #52 Beautiful Drug
25%
August 8 Ciara Jackie #100 Dance Like We're Making Love
25%
September 5 5 Seconds Of Summer Sounds Good Feels Good #100 Fly Away
25%
August 22 Sage The Gemini feat. Nick Jonas Bachelor Party #75 Good Thing
25%
September 12 Kip Moore Wild Ones #100 I'm To Blame
25%
May 9 Sawyer Fredericks The Voice: Season 8 #100 Iris
25%
April 18 Luke Bryan Crash My Party #41 I See You
25%
October 31 The 1975 I Like It When You Sleep, for You Are So Beautiful Yet So Unaware Of It #100 Love Me
25%
December 5 One Direction Made In The A.M. #100 Never Enough
25%
March 21 Drake If You're Reading This Its Too Late #81 No Tellin'
25%
December 12 Future DS2 #100 Rich Sex
25%
May 2 Kimberly Nichole The Voice: Season 8 #100 The House of the Rising Sun
25%
September 26 Nicki Minaj The Pinkprint #31 The Night Is Still Young
25%
November 21 Randy Houser We Went #60 We Went
25%
No matching quizzes found
Score Distribution
Percent of People with Each Score
Percentile by Number Answered
Your Score History
You have not taken this quiz since the last reset